Central Library OPAC University of Rajshahi

বাংলাদেশের মুক্তিযুদ্ধের ইতিহাস / (Record no. 43804)

MARC details
000 -LEADER
fixed length control field 00920nam a2200229 a 4500
001 - CONTROL NUMBER
control field 43804
003 - CONTROL NUMBER IDENTIFIER
rucl marc code BD-RjUL
005 - DATE AND TIME OF LATEST TRANSACTION
control field 20211209053744.0
008 - FIXED-LENGTH DATA ELEMENTS--GENERAL INFORMATION
fixed length control field 160627s1996 bg ||||| |||| 00| 0 ben d
020 ## - INTERNATIONAL STANDARD BOOK NUMBER
International Standard Book Number 9844013534
Terms of availability :Tk.150.00
035 ## - SYSTEM CONTROL NUMBER
System control number (BD-RjUL)43922
040 ## - CATALOGING SOURCE
Original cataloging agency BD-RjUL
Language of cataloging eng
Transcribing agency BD-RjUL
Modifying agency BD-RjUL
041 ## - LANGUAGE CODE
Language code of text/sound track or separate title eng
082 ## - DEWEY DECIMAL CLASSIFICATION NUMBER
Edition number 23
Classification number 954.92
Author mark and year BIB 1996
100 ## - MAIN ENTRY--PERSONAL NAME
Personal name বিশ্বাস, সুকুমার
9 (RLIN) 122195
245 10 - TITLE STATEMENT
Title বাংলাদেশের মুক্তিযুদ্ধের ইতিহাস /
Statement of responsibility, etc. সুকুমার বিশ্বাস
260 ## - PUBLICATION, DISTRIBUTION, ETC. (IMPRINT)
Place of publication, distribution, etc. ঢাকা :
Name of publisher, distributor, etc. আগামী প্রকাশনী,
Date of publication, distribution, etc. ১৯৯৬
300 ## - PHYSICAL DESCRIPTION
Pagination ২৩৭ পৃ. :
Illustrations চিত্র ;
Size ২৩ সেমি.
651 ## - SUBJECT ADDED ENTRY--GEOGRAPHIC NAME
Geographic name বাংলাদেশ
Form subdivision ইতিহাস
Chronological subdivision বিপ্লব , 1971
9 (RLIN) 134639
Geographic name Bangladesh
Form subdivision History
Chronological subdivision Revolution, 1971.
9 (RLIN) 134640
942 ## - ADDED ENTRY ELEMENTS (KOHA)
Source of classification or shelving scheme Dewey Decimal Classification
Koha item type Books
Holdings
Lost status Source of classification or shelving scheme Damaged status Not for loan Collection code Permanent Location Current Location Shelving location Date acquired Source of acquisition Cost, normal purchase price Total Checkouts Full call number Date last seen Date checked out Copy number Koha item type
  Dewey Decimal Classification     Non-fiction Central Library, University of Rajshahi Central Library, University of Rajshahi   09/01/1999 Anami prokashani, Dhaka. 150.00 2 B 954.92 BIB 1996 02/02/2020 21/01/2020 C-2 Books